000 00491nam a2200181Ia 4500
005 20250508161944.0
008 008 250505s9999 xx 000 0 hin d
037 _aTextual
040 _aFEDL
_beng
_cFEDL
041 _ahin
_2eng
084 _a891.431, KAR
_qFEDL
100 _aKarn Singh
245 0 _aPrerana ke morpankh
260 _aDelhi, India
_bBhartiya Gyan Peetth Prakashan
_c1970
300 _a78p
942 _cTEXL
_h891.431, KAR
999 _c1373485
_d1373485